[Event "Raciborz op"]
[Site "Raciborz"]
[Date "2007.02.18"]
[Round "3"]
[White "Sapeta, Robert"]
[Black "Giecewicz, Tomasz"]
[Result "1-0"]
[WhiteElo "2120"]
[BlackElo "1833"]
[PlyCount "69"]
[EventDate "2007.02.17"]
[EventType "swiss"]
[EventRounds "9"]
[EventCountry "POL"]
[SourceTitle "EXT 2011"]
[Source "ChessBase"]
[SourceDate "2010.11.26"]
[SourceVersion "1"]
[SourceVersionDate "2010.11.26"]
[SourceQuality "1"]

1. e4 e5 2. Nf3 Nc6 3. d4 exd4 4. Bc4 Bc5 5. c3 d3 6. Qxd3 d6 7. Bg5 Nf6 8. b4 Bb6 9. a4 a5 10. b5 Nb8 11. 0-0 Qe7 12. Nbd2 Nbd7 13. Rfe1 Ne5 14. Nxe5 dxe5 15. Qf3 Be6 16. Bd5 0-0-0 17. Nc4 Bxd5 18. exd5 h6 19. Rxe5 Qc5 20. Nxb6+ Qxb6 21. Bxf6 gxf6 22. Rf5 Rd6 23. c4 Re8 24. Qh3 Kb8 25. Qxh6 Qd4 26. Rc1 Qxc4 27. h4 Qxa4 28. Rxf6 Rxd5 29. Rxf7 Rd1+ 30. Rxd1 Qxd1+ 31. Kh2 Qd4 32. Qf4 Qc5 33. Rf5 Qb6 34. h5 Re6 35. g4 1-0

[Event "Raciborz op"]
[Site "Raciborz"]
[Date "2007.02.17"]
[Round "2"]
[White "Hasinski, Krystian"]
[Black "Giecewicz, Tomasz"]
[Result "0-1"]
[WhiteElo "2069"]
[BlackElo "1833"]
[PlyCount "98"]
[EventDate "2007.02.17"]
[EventType "swiss"]
[EventRounds "9"]
[EventCountry "POL"]
[SourceTitle "EXT 2011"]
[Source "ChessBase"]
[SourceDate "2010.11.26"]
[SourceVersion "1"]
[SourceVersionDate "2010.11.26"]
[SourceQuality "1"]

1. e4 e5 2. Nf3 Nc6 3. d4 exd4 4. Nxd4 Bc5 5. Be3 Qf6 6. c3 Nge7 7. f3 h6 8. Bc4 d6 9. 0-0 0-0 10. a4 a5 11. Na3 Ng6 12. Nac2 Nce5 13. Be2 Nf4 14. Qd2 Nxe2+ 15. Qxe2 Bd7 16. b4 Bb6 17. b5 Qe7 18. Nf5 Bxf5 19. exf5 Nd7 20. Qd2 Bxe3+ 21. Qxe3 Rfe8 22. Qd4 Qe5 23. g4 Qxd4+ 24. cxd4 Re2 25. Rf2 Rae8 26. Kf1 Rxf2+ 27. Kxf2 Nb6 28. Ne3 Rc8 29. Ke2 c5 30. dxc5 dxc5 31. Kd3 Rd8+ 32. Kc2 Rd4 33. Rd1 Kf8 34. Rxd4 cxd4 35. Nd1 Nxa4 36. Kd3 Nc3 37. Nb2 Nxb5 38. Kc4 Nd6+ 39. Kxd4 Ke7 40. Kc5 Nc8 41. Nc4 b6+ 42. Kc6 a4 43. Na3 h5 44. Kc7 hxg4 45. fxg4 Nd6 46. Kxb6 Kf6 47. h4 Ne4 48. Kb5 Nf2 49. Kxa4 Nxg4 0-1

[Event "Przysiek U18"]
[Site "Przysiek"]
[Date "2006.09.27"]
[Round "6"]
[White "Giecewicz, Tomasz"]
[Black "Wrzesinski, Pawel"]
[Result "0-1"]
[WhiteElo "1799"]
[BlackElo "2032"]
[PlyCount "126"]
[EventDate "2006.09.24"]
[EventType "swiss"]
[EventRounds "9"]
[EventCountry "POL"]
[SourceTitle "EXT 2009"]
[Source "ChessBase"]
[SourceDate "2008.11.26"]
[SourceVersion "1"]
[SourceVersionDate "2008.11.26"]
[SourceQuality "1"]

1. e4 e6 2. d4 d5 3. Nc3 Nf6 4. e5 Nfd7 5. f4 c5 6. Nf3 Nc6 7. Be3 Qb6 8. Be2 a6 9. a3 c4 10. Rb1 Qc7 11. 0-0 Be7 12. Qd2 0-0 13. f5 Qd8 14. Rf2 Nb6 15. fxe6 Bxe6 16. Ng5 Qd7 17. Nxe6 fxe6 18. Rbf1 Rxf2 19. Rxf2 Rf8 20. Nd1 Nc8 21. c3 b5 22. Rxf8+ Bxf8 23. Qe1 a5 24. Bf1 b4 25. axb4 axb4 26. Bf2 Qf7 27. Qd2 Nb6 28. Qc2 b3 29. Qc1 Qa7 30. Qd2 Be7 31. Be3 Qa1 32. Qc1 Qxc1 33. Bxc1 Kf7 34. Kf2 g5 35. g4 Nd7 36. Ne3 h6 37. Be2 Bd8 38. h3 Bb6 39. Ke1 Nxd4 40. cxd4 Bxd4 41. Nxc4 dxc4 42. Bxc4 Nc5 43. Ke2 Bxe5 44. Be3 Nb7 45. Bxb3 Bxb2 46. Bc4 Nd6 47. Kd3 Kf6 48. Bb3 e5 49. Bd5 Ba3 50. Bb6 Nc8 51. Bd8+ Be7 52. Ba5 Nd6 53. Bc3 Ne8 54. Ba5 Ng7 55. Ke4 h5 56. Bc3 Bd6 57. Ba5 hxg4 58. hxg4 Ne8 59. Bd8+ Kg6 60. Bc6 Ng7 61. Bd5 Bb8 62. Ba5 Ne8 63. Bb4 Nf6+ 0-1

[Event "Przysiek U18"]
[Site "Przysiek"]
[Date "2006.09.27"]
[Round "5"]
[White "Giecewicz, Tomasz"]
[Black "Zielinski, Stanislaw"]
[Result "0-1"]
[WhiteElo "1799"]
[BlackElo "2095"]
[PlyCount "70"]
[EventDate "2006.09.24"]
[EventType "swiss"]
[EventRounds "9"]
[EventCountry "POL"]
[SourceTitle "EXT 2009"]
[Source "ChessBase"]
[SourceDate "2008.11.26"]
[SourceVersion "1"]
[SourceVersionDate "2008.11.26"]
[SourceQuality "1"]

1. e4 e5 2. Nf3 Nc6 3. Bb5 a6 4. Ba4 Nf6 5. 0-0 Nxe4 6. d4 b5 7. Bb3 d5 8. dxe5 Be6 9. Nbd2 Nc5 10. c3 Nxb3 11. Nxb3 Be7 12. Qd3 0-0 13. Be3 Bg4 14. Nbd4 Nxd4 15. Nxd4 Qd7 16. h3 Be6 17. f4 c5 18. Nxe6 fxe6 19. Rad1 Rad8 20. a4 c4 21. Qc2 bxa4 22. Ra1 a3 23. bxa3 Rb8 24. Rfb1 Qc6 25. Rxb8 Rxb8 26. Ra2 Bc5 27. Qf2 Rb1+ 28. Kh2 Bxe3 29. Qxe3 Qb6 30. Qd2 Qg1+ 31. Kg3 Rd1 32. Qf2 Rd3+ 33. Kg4 Qxf2 34. Rxf2 Rxc3 35. f5 Re3 0-1